| 000 | 006080000a22001930004500 | ||
|---|---|---|---|
| 090 |
_aAR _b02758 |
||
| 245 | 1 | 0 | _aTwo new Crinipellinae (<Tricholomataceae: Marasmiae>) from south America |
| 650 | 1 | 4 |
_aMicología _97797 |
| 650 | 1 | 4 |
_aTaxonomía _992343 |
| 650 | 1 | 4 |
_aMorfología _992917 |
| 650 | 1 | 4 |
_aNuevas especies _992905 |
| 651 | 4 |
_lCordillera de los Andes _pColombia _992749 |
|
| 653 |
_gCrinipellis _eCrinipellis ticoi |
||
| 653 |
_gChaetocalathus _eChaetocalathus magnus |
||
| 041 | 0 | _aInglés | |
| 100 | 1 |
_aHalling, Roy E. _915259 |
|
| 942 | _cARTICULO | ||
| 773 | 1 |
_tMycotaxon _31308 _q379-385 _d1993 _g47 |
|
| 999 |
_c11819 _d11819 |
||